Chinh phục toàn diện ngữ pháp tiếng Anh bằng infographic

Giới thiệu các chuyên đề lý thuyết và bài tập ngữ pháp Tiếng Anh từ cơ bản đến nâng cao được trình bày dưới dạng infographic bao gồm: Danh từ, đại từ, tính từ mạo từ, các thì trong tiếng Anh,......

Cur síos iomlán

Đã lưu trong:
Sonraí Bibleagrafaíochta
Formáid: Leabhar
Teanga:Undetermined
Foilsithe: Hà Nội Đại học Quốc gia Hà Nội 2019
Ábhair:
Clibeanna: Cuir Clib Leis
Gan Chlibeanna, Bí ar an gcéad duine leis an taifead seo a chlibeáil!
Thư viện lưu trữ: Trung tâm Học liệu Trường Đại học Cần Thơ
LEADER 00933nam a2200205Ia 4500
001 CTU_232304
008 210402s9999 xx 000 0 und d
020 |c 150000 
082 |a 425 
082 |b Ch312/T.1 
245 0 |a Chinh phục toàn diện ngữ pháp tiếng Anh bằng infographic 
245 0 |c Hà Thị Như Hoa ... [et al.] 
260 |a Hà Nội 
260 |b Đại học Quốc gia Hà Nội 
260 |c 2019 
520 |a Giới thiệu các chuyên đề lý thuyết và bài tập ngữ pháp Tiếng Anh từ cơ bản đến nâng cao được trình bày dưới dạng infographic bao gồm: Danh từ, đại từ, tính từ mạo từ, các thì trong tiếng Anh,... 
650 |a Tiếng Anh,English language 
650 |x Ngữ pháp,Grammar 
910 |b nthai 
980 |a Trung tâm Học liệu Trường Đại học Cần Thơ